• 首页
  • 本馆介绍
  • 公告通知
  • 最新文献
  • 馆藏检索
  • 电子资源
  • 读者导购
  • 参考咨询
  • 我的图书馆
  • 登录
  • 详细信息显示
  • 放入我的书架
  • 预约/预借图书
  • 作者相关作品
  • 分类相关作品
  • 丛书相关作品
  • 出版社相关作品

书目信息

  • 表格格式
  • 工作单格式
  • 卡片格式
题名:
中国茧蜂100种
    
 
作者: 夏白华 , 曾赞安 , 李志文 主编 ;于海丽 , 毛薪源 编写
分册:  
出版信息: 长沙   湖南科学技术出版社  2021
页数: 201页
开本: 26cm
丛书名:
单 册:
中图分类: Q969.54
科图分类:
主题词: 小茧蜂科--xiao jian feng ke--介绍--中国
电子资源:
ISBN: 978-7-5710-1125-3
000 01317nam0 2200289 450
001 2355902669
005 20231223143412.73
010    @a978-7-5710-1125-3@dCNY88.00
100    @a20220118d2021 em y0chiy50 ea
101 0  @achi
102    @aCN@b430000
105    @aak a 000yy
200 1  @a中国茧蜂100种@Azhong guo jian feng 100zhong@f主编夏白华 ... [等]@g编写人员于海丽 ... [等]
210    @a长沙@c湖南科学技术出版社@d2021
215    @a201页@c图@d26cm
304    @a题名页题: 主编夏白华, 曾赞安, 李志文, 牛耕耘; 编写人员于海丽, 毛薪源, 刘玉娥, 苏品, 李夕英等
320    @a有书目 (第192-198页)
330    @a茧蜂是许多重要害虫的天敌, 用于生物防治, 对害虫的发生起一定的控制作用。本书按Yu van Achterberg等 (2015) 的茧蜂分类系统, 报道10亚科36属常见中国茧蜂100种, 包括形态特征、生物学分类、分布区域、实用实例等。本书特色是评述具甲壳小腹茧蜂亚科各属的亲缘关系; DNA条形码与小腹茧蜂亚科分类; 指出国内论文发表的茧蜂裸名、同物异名、异物同名都是违背分类学基本原则的实例。
606 0  @a小茧蜂科@Axiao jian feng ke@x介绍@y中国
690    @aQ969.54@v5
701  0 @a夏白华@Axia bai hua@4主编
701  0 @a曾赞安@Azeng zan an@4主编
701  0 @a李志文@Ali zhi wen@4主编
702  0 @a于海丽@Ayu hai li@4编写
702  0 @a毛薪源@Amao xin yuan@4编写
801  0 @aCN@b湖北三新@c20220118
905    @aBZT@dQ969.54@e52
    
    中国茧蜂100种/主编夏白华 ... [等]/编写人员于海丽 ... [等].-长沙:湖南科学技术出版社,2021
    201页:图;26cm
    
    
    ISBN 978-7-5710-1125-3:CNY88.00
    茧蜂是许多重要害虫的天敌, 用于生物防治, 对害虫的发生起一定的控制作用。本书按Yu van Achterberg等 (2015) 的茧蜂分类系统, 报道10亚科36属常见中国茧蜂100种, 包括形态特征、生物学分类、分布区域、实用实例等。本书特色是评述具甲壳小腹茧蜂亚科各属的亲缘关系; DNA条形码与小腹茧蜂亚科分类; 指出国内论文发表的茧蜂裸名、同物异名、异物同名都是违背分类学基本原则的实例。
●
相关链接 在五车中查询图书 在当当中查询图书 在豆瓣中查询图书


正题名:中国茧蜂100种     索取号:Q969.54/52         预约/预借

序号 登录号 条形码 馆藏地/架位号 状态 备注
1 2001316536   2001316536   320书库/ [索取号:Q969.54/52] 在馆    
2 2001316537   2001316537   320书库/ [索取号:Q969.54/52] 在馆    
3 2001316538   2001316538   320书库/ [索取号:Q969.54/52] 在馆    
4 2001316539   2001316539   320书库/ [索取号:Q969.54/52] 在馆    
5 2001316540   2001316540   214主题书屋/214室1架4层2列/ [索取号:Q969.54/52] 在馆    
6 2001316541   2001316541   214主题书屋/214室1架4层2列/ [索取号:Q969.54/52] 在馆    
7 2001316542   2001316542   214主题书屋/214室1架4层2列/ [索取号:Q969.54/52] 在馆    
8 2001316543   2001316543   214主题书屋/214室1架4层2列/ [索取号:Q969.54/52] 在馆    
9 2001316544   2001316544   214主题书屋/214室1架4层2列/ [索取号:Q969.54/52] 在馆    
10 2001316545   2001316545   320书库/ [索取号:Q969.54/52] 在馆    
11 2001316546   2001316546   320书库/ [索取号:Q969.54/52] 在馆    
12 2001316547   2001316547   320书库/ [索取号:Q969.54/52] 在馆    
13 2001316548   2001316548   320书库/ [索取号:Q969.54/52] 在馆    
14 2001316549   2001316549   320书库/ [索取号:Q969.54/52] 在馆    
15 2001316550   2001316550   320书库/ [索取号:Q969.54/52] 在馆    
16 2001316551   2001316551   320书库/ [索取号:Q969.54/52] 在馆    
17 2001316552   2001316552   320书库/ [索取号:Q969.54/52] 在馆    
18 2001316553   2001316553   320书库/ [索取号:Q969.54/52] 在馆    
19 2001316554   2001316554   320书库/ [索取号:Q969.54/52] 在馆    
20 2001316555   2001316555   320书库/ [索取号:Q969.54/52] 在馆    
21 2001316556   2001316556   320书库/ [索取号:Q969.54/52] 在馆    
22 2001316557   2001316557   320书库/ [索取号:Q969.54/52] 在馆    
23 2001316558   2001316558   320书库/ [索取号:Q969.54/52] 在馆    
24 2001316559   2001316559   320书库/ [索取号:Q969.54/52] 在馆    
25 2001316560   2001316560   320书库/ [索取号:Q969.54/52] 在馆    
26 2001316561   2001316561   320书库/ [索取号:Q969.54/52] 在馆    
27 2001316562   2001316562   320书库/ [索取号:Q969.54/52] 在馆    
28 2001316563   2001316563   320书库/ [索取号:Q969.54/52] 在馆    
29 2001316564   2001316564   214主题书屋/214室1架4层2列/ [索取号:Q969.54/52] 在馆    
30 2001316565   2001316565   320书库/ [索取号:Q969.54/52] 在馆    
山东省滨州职业学院图书馆 欢迎您!
大连网信软件有限公司© 版权所有